Responses for show #7496 - Monday, March 27, 2017

Contestants

Meral Cultu, a nonprofit strategist from Cleveland, Ohio

Adam Vesterholt, an energy engineer from Brooklyn, New York

Robert Weibezahl, a writer from Westlake Village, California (whose 1-day cash winnings total $11,000)

Jeopardy! Round responses

HIS REAL FIRST NAME
EUROPEAN HISTORY
THE BUSY BUSINESSMAN
OH MY GODS!
THE WORD IS FLAT
1970s "SONG" TITLES
    $200 8
Sean

Meral
    $200 1
Crusades

Adam
    $200 26
telecommunications company

Robert
    $200 13
Apollo

Robert
    $200 6
even

Meral
    $200 18
"Song Sung Blue"

Robert
    $400 9
Thomas

Robert
    $400 2
Ivan the Terrible

Adam
    $400 27
venture capitalist

Meral
    $400 14
Loki

Adam
    $400 7
a flat-top

Robert
    $400 19
"I Write The Songs"

Triple Stumper
    $600 10
(Alex: Yes, [*] Estevez.)

Carlos

Robert
    $600 3
(Robert: What is protectorate?)

Lord Protector

RobertAdam
    $600 28
litigation

Meral
    $2,400 15
Neptune

Adam
    $600 23
flush

Adam
    $600 20
"Silly Love Songs"

Robert
    $800 11
John

Adam
    $800 4
the Ottoman Empire

Meral
    $800 29
[The end-of-round signal sounds.]

didn't read

Adam
    $800 16
an elephant

Robert
    $800 24
a pancake

Robert
    $800 21
"Killing Me Softly With His Song"

Meral
    $1000 12
Declan

Robert
    $1000 5
Sweden

Adam
    $1000 17
Vulcan (or Hephaestus)

Robert
    $1000 25
(Alex: We have less than a minute now.)

oblate

Triple Stumper
    $1000 22
"An Old Fashioned Love Song"

Robert

Scores at the first commercial break (after clue 15):

Robert Adam Meral
$2,000 $5,800 $1,200

Scores at the end of the Jeopardy! Round:

Robert Adam Meral
$6,600 $7,200 $3,000

Double Jeopardy! Round responses

ANIMALS PLAYING DEAD
STRINGED INSTRUMENTS
THE SOUTHWEST
CONSERVATIVE BOOKSHELF
GHOSTLY ACTORS
THE "OC"
    $400 13
an opossum

Adam
    $400 5
(Adam: What's a guitar?)

a bass

RobertAdam
    $400 25
(Adam: Who is Pecos Bill?)

Billy the Kid

RobertAdam
    $400 26
(Alex: Less than a minute now.)

Obamacare

Adam
    $400 2
Lost

Adam
    $400 1
aftershocks

Robert
    $800 15
(Adam: What's a web?)

silk

Adam
Triple Stumper
    $800 6
a violin

Meral
    $3,600 19
(Alex: Arizona, New Mexico and Colorado are the three others.)

Utah

Adam
    $800 28
free speech

Adam
    $800 24
Hayden Christensen

Meral
    $800 7
Sochi

Adam
    $1200 14
a cobra

Meral
    $1200 3
the bridge

Adam
    $1200 12
the Painted Desert

Meral
    $1200 27
Sarah Palin

Robert
    $1200 20
Winona Ryder

Meral
    $1200 8
(Adam: What is brocade?)

crocheted

RobertAdam
    $1600 16
armadillo

Triple Stumper
    $1600 4
(Adam: What's a banjo?)

a mandolin

RobertAdam
    $1600 18
Arizona

Adam
    $1,401 29
income tax

Adam
    $1600 21
Rescue Me

Meral
    $1600 9
an oculist

Robert
    $2000 17
poison

Meral
    $2000 11
a balalaika

Adam
    $2000 23
(Adam: Who is Balboa?)

Juan Rodríguez Cabrillo

Adam
Triple Stumper
    $2000 30
consequences

Triple Stumper
    $2000 22
The Others

Triple Stumper
    $2000 10
avocado

Triple Stumper

Scores at the end of the Double Jeopardy! Round:

Robert Adam Meral
$13,400 $13,401 $11,800

[wagering suggestions for these scores]

Final Jeopardy! Round responses

SCIENTISTS
(Alex: [To Meral] You anglicized his name for us.)
MeralWho is Charles Linnaeus?
$1,602
RobertWho is Boyle
$1,600
AdamWho Linnaeus
$13,400
Carl Linnaeus

Final scores:

Robert Adam Meral
$11,800 $26,801 $13,402
3rd place: $1,000 New champion: $26,801 2nd place: $2,000

Game dynamics:

Coryat scores:

Robert Adam Meral
$13,400 $9,000 $11,800
19 R,
1 W
19 R
(including 3 DDs),
6 W
13 R,
0 W

Combined Coryat: $34,200

The J! Archive is created by fans, for fans. The Jeopardy! game show and all elements thereof, including but not limited to copyright and trademark thereto, are the property of Jeopardy Productions, Inc. and are protected under law. This website is not affiliated with, sponsored by, or operated by Jeopardy Productions, Inc. Join the discussion at JBoard.tv.